01380 2200409 4500001002100000005001500021035002000036007000300056008004100059020002200100040002200122082001200144084001500156100003200171245008600203250003200289650004100321850001200362264003500374336002100409337002300430338003800453300003100491538007600522856007600598852002000674500006900694700003100763990002200794990002200816990002200838990002200860990002200882990002200904990002200926990002200948INLIS00000000086229720210714092422 a0010-0721000532ta210705s2012 jkia gs ind d a978-979-661-193-5 aYOPDYOGbinderda04223a729 a729 NAS s0 aNasekun Kusnaediepengarang10a101 desain pintu garasi minimalis /cNasekun Kusnaedi; penyunting, Hafidh Aditama aCetakan pertama, Maret 2012 4aArsitektur--xDesain dan perencanaan aYOPDYOG31aJakarta :bGriya Kreasi,c2012 2rdacontentateks  komputer2rdamedia 2rdacarrierasumber sambung jaring a1 berkas komputer (8,3 MB) aAndroid : versi 4.0 atau di atasnya, memori 1 GB, layar tampilan 4-inch40nPerpustakaan Digital iJogjauhttp://ijogja.id /publications/books/125848 aaplikasi iJogja aUntuk mengakses buku ini silakan unduh aplikasi http://ijogja.id0 aHafidh Aditamaepenyunting a000267-EPD/B.2016 a000267-EPD/B.2016 a000268-EPD/B.2016 a000267-EPD/B.2016 a000268-EPD/B.2016 a000267-EPD/B.2016 a000267-EPD/B.2016 a000268-EPD/B.2016